00712nam a2200241 a 4500001001300000003000900013005001700022008004100039020001000080082001600090100002900106245001900135260005100154300000900205500003500214505001700249650002800266700002900294902000800323942000700331952011700338999001500455nice12345678IN_TiNIC20260116012501.0050524s0000 teha grp 000 0 per  ac10000a892.71bNIM aNimatullahi, Safili Shah aZabdatul Asrar aTehranbIslamic Propagagion Organisationc0000 a260p aincludes index and biblioraphy2 aBibliography aArabic-Poetry Religious1 aNimatullahi, Safili Shah bSRS cBK 001040708StackRoom-aHMIbHMId2007-06-04g100.00l0o892.71 NIMp013925r2007-06-04v100.00w2005-05-24yBK c7182d7182